Thời Trần sau 3 lần thắng giặc Nguyên - Mông /

Spremljeno u:
Bibliografski detalji
Glavni autor: Nguyễn Danh Phiệt.
Daljnji autori: Phạm Văn Kính.
Format: Članak
Jezik:Vietnamese
Teme:
Oznake: Dodaj oznaku
Bez oznaka, Budi prvi tko označuje ovaj zapis!
Thư viện lưu trữ: Thư viện Trường Đại học Đà Lạt
LEADER 00858nam a2200277 4500
001 DLU090086780
005 ##20090928
040 # # |a DLU  |b vie 
041 # # |a vie 
044 # # |a vn 
100 # # |a Nguyễn Danh Phiệt. 
245 # # |a Thời Trần sau 3 lần thắng giặc Nguyên - Mông /  |c Nguyễn Danh Phiệt, Phạm Văn Kính. 
653 # # |a Chiến thắng Bạch Đằng 
653 # # |a Kháng chiến chống Nguyên - Mông 
653 # # |a Nhà trần 
700 # # |a Phạm Văn Kính. 
773 # # |t Nghiên cứu lịch sử  |g Số 3+4(240-241), 1988, tr. 15-20 
920 # # |a Phòng Tạp chí -- Trung tâm Thông tin - Thư viện Trường Đại học Đà Lạt 
994 # # |a DLU 
900 # # |a True 
911 # # |a Nguyễn Thị Linh Chi 
925 # # |a G 
926 # # |a A 
927 # # |a BB 
980 # # |a Thư viện Trường Đại học Đà Lạt